000 02477cam a22002174a 4500
005 20250605164001.0
008 250528s ||||||||||||||||||||||||d
035 _a15626
020 _a60465689
040 _aGR-AtMCL
_bgre
_dGR-AtMCL
_eAACR2
245 1 _aInternational Business / Environments, Institutions, and Operations
260 _bHarper Collins Publishers,
_c1991
300 _a676
505 0 _aPreface, The Nature and Importance and Bases for International Business, The Development and Importance of World Trade and Investment and the Multinational Firm (MNF), Theories, The International Environment for International Business, International Agreements to Minimize Conflicts, Foreign Exchange, The International Monetary System and the Balance of Payments, International Business and the Role of Financial Institutions, The Intranational Environment of International Business, Commercial Policies and Instruments for Protection, Geographic Environment, Political and Legal Considerations in International Business, Economic Environment, The Human and Cultural Environment of International Business, Functions of International and Multinational Firms, Strategies and Structures of International Firms, International Marketing Strategy, Trends and the Future of International Business, Prospects for the Future of International Business, Glossary, Index.
520 _aPreface, The Nature and Importance and Bases for International Business, The Development and Importance of World Trade and Investment and the Multinational Firm (MNF), Theories, The International Environment for International Business, International Agreements to Minimize Conflicts, Foreign Exchange, The International Monetary System and the Balance of Payments, International Business and the Role of Financial Institutions, The Intranational Environment of International Business, Commercial Policies and Instruments for Protection, Geographic Environment, Political and Legal Considerations in International Business, Economic Environment, The Human and Cultural Environment of International Business, Functions of International and Multinational Firms, Strategies and Structures of International Firms, International Marketing Strategy, Trends and the Future of International Business, Prospects for the Future of International Business, Glossary, Index.
700 1 _aBeeman Don R.
_91593
700 1 _aTaoka George M
_91594
942 _cBK
999 _c1194
_d1194